Canadian Provinces and Territories by Most Populous City - Statistics

General Stats
  • This quiz has been taken 105 times
  • The average score is 10 of 13
Answer Stats
City Province % Correct
Calgary Alberta
97%
Montreal Quebec
97%
Halifax Nova Scotia
94%
Iqaluit Nunavut
86%
Toronto Ontario
82%
Saskatoon Saskatchewan
82%
Charlottetown Prince Edward Island
80%
Vancouver British Columbia
77%
Winnipeg Manitoba
71%
Saint John's Newfoundland and Labrador
66%
Whitehorse Yukon
66%
Saint John New Brunswick
58%
Yellowknife Northwest Territories
55%
No matching quizzes found
Score Distribution
Percent of People with Each Score
Percentile by Number Answered
Your Score History
You have not taken this quiz